000 00756nam a2200253 a 4500
001 63052
003 BD-RjUL
005 20211209081144.0
008 170128s2006 enk b 001 e eng d
020 _a9780099468462
035 _a(BD-RjUL)63180
040 _aBD-RjUL
_beng
_cBD-RjUL
041 _aeng
082 _223
_a909
_bBIG 2006
245 0 0 _aBig questions in history /
_cedited by Harriet Swain.
260 _aLondon :
_bVintage,
_c2006.
300 _avii, 280 p. ;
_c20 cm.
500 _aOriginally published: London: Jonathan Cape, 2005.
504 _aIncludes bibliographical references and index.
650 0 _aHistory.
_xMiscellanea.
_9187576
650 0 _aCivilization.
_9170722
700 1 _aSwain, Harriet.
_9187577
942 _2ddc
_cBK
999 _c63052
_d63052